<?xml version="1.0" encoding="UTF-8"?>
<marc:record xmlns:marc="http://www.loc.gov/MARC21/slim">
   <marc:leader>00000nam a2200000 a 4500</marc:leader>
   <marc:datafield ind1="1" ind2=" " tag="100">
      <marc:subfield code="a">GASTMANN, Dennis</marc:subfield>
      <marc:subfield code="4">aut</marc:subfield>
      <marc:subfield code="e">Verfasser/-in</marc:subfield>
   </marc:datafield>
   <marc:datafield ind1=" " ind2=" " tag="653">
      <marc:subfield code="a">Japan</marc:subfield>
   </marc:datafield>
   <marc:datafield ind1=" " ind2=" " tag="653">
      <marc:subfield code="a">Samurai</marc:subfield>
   </marc:datafield>
   <marc:datafield ind1="0" ind2="0" tag="245">
      <marc:subfield code="a">Der vorletzte Samurai.</marc:subfield>
   </marc:datafield>
   <marc:datafield ind1="0" ind2="0" tag="245">
      <marc:subfield code="b">Ein japanisches Abenteuer.</marc:subfield>
   </marc:datafield>
   <marc:datafield ind1="0" ind2="0" tag="245">
      <marc:subfield code="c">Dennis GASTMANN</marc:subfield>
   </marc:datafield>
   <marc:datafield ind1=" " ind2="1" tag="264">
      <marc:subfield code="a">Hamburg</marc:subfield>
      <marc:subfield code="b">Rowohlt</marc:subfield>
      <marc:subfield code="c">2018</marc:subfield>
   </marc:datafield>
   <marc:datafield ind1=" " ind2=" " tag="250">
      <marc:subfield code="a">3</marc:subfield>
   </marc:datafield>
   <marc:datafield ind1="1" ind2=" " tag="520">
      <marc:subfield code="a">Kurzbeschreibung: Rätsel, Regeln und Rituale &#x96; Dennis Gastmann macht sich auf, Japan zu erkunden, ein Land, das noch immer unvergleichlich fremd und geheimnisvoll wirkt. Dabei ist er nicht allein: Natsumi, seine Frau, die aus einer Samurai-Familie stammt, begleitet ihn. Die beiden bereisen den gesamten Inselstaat, von den grünen Gipfeln auf Hokkaido bis zu den Vulkanen auf Kyushu, sie pilgern in die Tempelstadt Nikko und verlieren sich im Lichterrausch der Metropolen. Japan, wie es sich der Westen vorstellt, erlebt Gastmann im Neongewitter eines Tokyoter Roboterrestaurants. In einer Bar in Kagoshima wird er selbst als Fremder bestaunt: &#x84;Wir sitzen hier seit dreißig Jahren&#x93;, erzählen ihm die Trinkenden, &#x84;und noch nie hat sich ein Gaijin hereingetraut.&#x93; Schließlich, in den &#x84;sieben Höllen&#x93; von Beppu, das für seine heißen Quellen bekannt ist, sucht er nach Ruhe und begegnet einem ergrauten Herrn im Yukata, der plötzlich rauchend vor ihm sitzt. Ist er der Geist eines Samurai?</marc:subfield>
   </marc:datafield>
   <marc:datafield ind1=" " ind2=" " tag="020">
      <marc:subfield code="a">373710011X</marc:subfield>
      <marc:subfield code="9">373710011X</marc:subfield>
   </marc:datafield>
   <marc:datafield ind1=" " ind2=" " tag="300">
      <marc:subfield code="a">256</marc:subfield>
   </marc:datafield>
</marc:record>
